000 00654nam a2200253Ia 4500
003 OSt
005 20220926032321.0
006 a|||||r|||| 00| 0
007 ta
008 220923b |||||||| |||| 00| 0 eng d
020 _a0710803757
037 _cGeneral Book
040 _aRTL
_cRTL
_beng
041 _2eng
_aeng
082 _aR2, M2
100 _aChisholm Roderick M
_921625
245 0 _aFoundations of knowing
260 _aSussex
_bHarvester
_c1982
300 _aviii, 216p
_ccm.
650 _a Philosophy
650 _aEpistemology
942 _hR2, M2
_cGB
_2CC
999 _c654386
_d654386